| 000 | 00773cam a2200217 4500 | ||
|---|---|---|---|
| 008 | 040429t20032003mx 000 0 spa u | ||
| 020 | _a968121109X | ||
| 035 | _aa436679 | ||
| 245 | 1 | 3 |
_aEl Establecimiento del federalismo en México, 1821-1827 / _cJosefina Zoraida Vázquez, coord. |
| 250 | _a1a ed. | ||
| 260 |
_aMéxico : _bEl colegio de México, _c2003 |
||
| 300 |
_a682 p. ; _c23 cm. |
||
| 504 | _aBibliografía : p. 631-682 | ||
| 650 | 1 | 0 |
_aGobierno federal _zMéxico _xHistoria |
| 650 | 2 | 0 |
_aHistoria constitucional _zMéxico |
| 651 | 0 |
_aMéxico _xPolítica y gobierno _y1821-1827 |
|
| 651 | 4 |
_aMéxico _xFederalismo y centralismo 1824-1853 _v Congresos |
|
| 700 | 1 | _aVázquez, Josefina Zoraida, coord. | |
| 942 |
_2lcc _cLIB |
||
| 999 |
_c68900 _d68900 |
||